BIBLIOTHÈQUE DE LA MAISON DU MEXIQUE

Logo 1 Logo 2

Antología mínima (notice nᵒ 3083)

détails MARC
000 -Sello discográfico
campo de control de longitud fija 00960nam a2200301 4500
005 - Identificación de versión
campo de control 20251016083446.0
035 ## - Otros números de control del sistema
Número de control del sistema 24742
099 ## - fechas locales
Tipo de ítem Koha LIBRO
100 ## - Datos de procesamiento general
Datos de procesamiento general 19980323d1972 m y1spay5003 ba
105 ## - Campo de datos codificados: Material textual, monográfico
Datos codificados de monografía y 101cy
200 1# - Título y mención de responsabilidad
Título propio Antología mínima
Designación general del material texto impreso
Primer mención de responsabilidad José Martí
Declaración de responsabilidad subsiguiente selección y notas Pedro Alvarez Tabío
205 ## - Declaración de edición
Declaración de edición 1a ed
210 ## - Publicación, distribución, etc.
Lugar de publicación, distribución, etc. La Habana
Nombre del editor, distribuidor, etc. Editorial de Ciencias Sociales
Fecha de publicación, distribución, etc. 1972
215 ## - Descripción física
Designación de material específico y extensión del ítem 2 v
Dimensiones 22 cm
300 ## - Notas generales
Texto de la nota La biblioteca cuenta únicamente con el v.1
300 ## - Notas generales
Texto de la nota Primer Congreso del Partido Comunista de Cuba
345 ## - Nota de información de adquisición
Fuente de adquisición/dirección de la suscripción [OBSOLETO] Donación
606 ## - Término temático usado como materia
Elemento de entrada Ensayos cubanos
Subdivisión cronológica Siglo XIX
Número Koha 6523
700 ## - Nombre personal - Responsabilidad primaria
Elemento de entrada Martí Pérez
Parte del nombre distinta del elemento de entrada José Julián
Fechas 1853-1895
Número Koha 6524
702 ## - Nombre personal - Responsabilidad secundaria
Elemento de entrada Alvarez Tabío
Parte del nombre distinta del elemento de entrada Pedro
Fechas 1941-2009
Número Koha 6525
801 #0 - Fuente de origen
Agencia cm
900 ## -
-- 1/16708
900 ## -
-- 710988279\\230398
942 ## - ELEMENTOS DE ENTRADA SECUNDARIOS (KOHA)
Tipo de ítem Koha Livre
996 ## -
-- MEX
-- 751145101
-- MMAG
-- 009894
-- CU864.3 M378A V.1
-- 20240305LIV
Exemplaires
Estatus retirado Estado de daño Estado de pérdida Fecha de adquisición Biblioteca de origen Biblioteca actual Ubicación en estantería Código de barras Precio de reemplazo Signatura topográfica completa No para préstamo Tipo de ítem Koha Nota pública Nota no pública
      05/08/2025 Casa México Paris Casa México Paris   009894 05/08/2025 CU864.3 M378A V.1   Livre 20240305LIV 751145101